Коммуникативные образовательные технологии в контексте развития языковой личности; Язык. Общество. Образование

Podrobná bibliografie
Parent link:Язык. Общество. Образование.— 2021.— [С. 286-290]
Hlavní autor: Михайлова А. Г.
Korporativní autor: Национальный исследовательский Томский политехнический университет Школа базовой инженерной подготовки Отделение иностранных языков
Další autoři: Кобзева Н. А. Надежда Александровна
Shrnutí:Заглавие с экрана
В данной работе выделены основные аспекты языкового образования в многопрофильном вузе, проанализированы коммуникативные технологии, обеспечивающие интенсификацию речемыслительной деятельности. Применение коммуникативных образовательных технологий рассматривается как потенциально новая возможность повышения эффективности учебного процесса за счет стимулирующей мотивации.
Jazyk:ruština
Vydáno: 2021
Edice:Традиции и инновации в методике обучения иностранным языкам
Témata:
On-line přístup:http://earchive.tpu.ru/handle/11683/69277
Médium: Elektronický zdroj Kapitola
KOHA link:https://koha.lib.tpu.ru/cgi-bin/koha/opac-detail.pl?biblionumber=634043

MARC

LEADER 00000naa2a2200000 4500
001 634043
005 20240220112139.0
035 |a (RuTPU)RU\TPU\conf\35793 
035 |a RU\TPU\conf\35792 
090 |a 634043 
100 |a 20211222d2021 k y0rusy50 ca 
101 0 |a rus 
102 |a RU 
105 |a y z 101zy 
135 |a drgn ---uucaa 
181 0 |a i  
182 0 |a b 
200 1 |a Коммуникативные образовательные технологии в контексте развития языковой личности  |f А. Г. Михайлова, Н. А. Кобзева 
203 |a Текст  |c электронный 
225 1 |a Традиции и инновации в методике обучения иностранным языкам 
300 |a Заглавие с экрана 
320 |a [Библиогр.: с. 289-290 (10 назв.)] 
330 |a В данной работе выделены основные аспекты языкового образования в многопрофильном вузе, проанализированы коммуникативные технологии, обеспечивающие интенсификацию речемыслительной деятельности. Применение коммуникативных образовательных технологий рассматривается как потенциально новая возможность повышения эффективности учебного процесса за счет стимулирующей мотивации. 
463 0 |0 (RuTPU)RU\TPU\conf\35746  |t Язык. Общество. Образование  |o сборник научных трудов II Международной научно-практической конференции "Лингвистические и культурологические аспекты современного инженерного образования", Томск, 10-12 ноября 2021 г.  |f Национальный исследовательский Томский политехнический университет (ТПУ); гл. ред. Ю. В. Кобенко  |v [С. 286-290]  |d 2021 
610 1 |a электронный ресурс 
610 1 |a труды учёных ТПУ 
610 1 |a коммуникативные технологии 
610 1 |a образовательные технологии 
610 1 |a развитие 
610 1 |a языковые личности 
610 1 |a языковое образование 
610 1 |a иностранные языки 
610 1 |a духовные ценности 
700 1 |a Михайлова  |b А. Г. 
701 1 |a Кобзева  |b Н. А.  |c лингвист  |c старший преподаватель Томского политехнического университета  |f 1955-  |g Надежда Александровна  |3 (RuTPU)RU\TPU\pers\24565  |9 10865 
712 0 2 |a Национальный исследовательский Томский политехнический университет  |b Школа базовой инженерной подготовки  |b Отделение иностранных языков  |3 (RuTPU)RU\TPU\col\23510 
801 2 |a RU  |b 63413507  |c 20211224  |g RCR 
856 4 |u http://earchive.tpu.ru/handle/11683/69277 
942 |c BK